UBT Library

POETRY PROSE (Record no. 59690)

000 -LEADER
fixed length control field 00293nam a22001457a 4500
008 - FIXED-LENGTH DATA ELEMENTS--GENERAL INFORMATION
fixed length control field 230512b ||||| |||| 00| 0 eng d
020 ## - INTERNATIONAL STANDARD BOOK NUMBER
International Standard Book Number 567504
041 ## - LANGUAGE CODE
Language code of text/sound track or separate title eng
080 ## - UNIVERSAL DECIMAL CLASSIFICATION NUMBER
Universal Decimal Classification number 32
082 ## - DEWEY DECIMAL CLASSIFICATION NUMBER
Classification number 32RON
100 ## - Rafti
Rafti 21
101 ## - Shkurtesa
Shkurtesa SHKP
245 ## - TITLE STATEMENT
Title POETRY PROSE
Statement of responsibility, etc RONALD
942 ## - ADDED ENTRY ELEMENTS (KOHA)
Source of classification or shelving scheme
Item type Books
Holdings
Withdrawn status Lost status Source of classification or shelving scheme Damaged status Not for loan Collection code Permanent location Current location Date acquired Total Checkouts Full call number Barcode Date last seen Price effective from Koha item type
          Koleksioni i përgjithshem UBT - Lipjan UBT - Lipjan 05/12/2023   32RON 002-800080152 05/12/2023 05/12/2023 Books
UBT Library © 2015-2024. All rights reserved University Education for Business and Technology